000
00299nam a2200121Ia 4500
008
191201s2016 xx 000 0 und d
100
_a
KANETKAR, Yashavant
245
0
_a
Let us C Solutions
250
_a
14th Rev
260
_c
2016
_b
BPB Publication
_a
NEW DELHI
300
_a
452
942
_2
ddc
_c
BK
_0
15
999
_c
7969
_d
7969